00964nam a2200277I 45000010005000000030008000050050017000130080039000300350017000690350018000860350017001040400037001210410008001580820026001660900018001921000055002102450073002652600038003383000031003765040020004076500050004276500042004779420012005199990015005319520140005465743BD-RjUL20211208234123.0140107s1962 nyua 001 0 eng aMITb10504588 a(BD-RjUL)5782 aGLIS00504588 aDLCcEYRdm/cdRCDdBD-RjULbeng aeng04216a352.054bREV 1962 aJS7008b.R4411 aRetzlaff, Ralph H.q(Ralph Herbert),d1929-91802110aVillage government in India :ba case study /cby Ralph H. Retzlaff. aNew York,bAsia Pub. Housecc1962 a140 p. :billus. ;c23 cm. aIncludes index. 0aLocal governmentzIndiavCase studies.918022 0aVillageszIndiavCase studies.918023 2ddccBK c5743d5743 00102ddc40718NFICaRUCLbRUCLcreadingd1963-10-26eEuro- pakg11.60l0o352.054 REV 1962r2014-01-07 00:00:00tC-1w2021-12-08yBK